000 00857nab a2200253 u 4500
001 15216
003 HDC
007 cr bn ---aaaaa
008 210217b2018mmddmy d||no |||| 00| 0 eng d
040 _aHDC
100 _aSharifah Pirdaus Syed Ali
_914811
245 0 _aJakim halal certification continues to be in high demand
_c/ Sharifah Pirdaus Syed Ali
260 _aMalaysia:
_bBERNAMA,
_c2018
300 _a1 online resource
336 _atext
_2rdacontent
337 _acomputer
_2rdamedia
338 _aonline resource
_2rdacarrier
650 _aHalal food industry
_xCertification
_9415
710 _aBernama
856 _zRequest full-text at [email protected]
942 _2lcc
942 _cNEWS
942 _kNWSO 003775
999 _c12532
_d12532